BDLM volume 1- Tiakola - Statistiques

Statistiques générales
  • Ce quiz a été pris 400 fois
  • Le résultat moyen est 12 sur 17
Statistiques - réponses
chanteur(s) titre % Correct
Tiakola/Genezio/Prototype Pona nini
94%
Tiakola/Hamza/RSKO 1h55
92%
Tiakola/La Mano 1.9/Niska G.A.N.G
91%
Tiakola/SDM/Liim's Plaisir nocif
85%
Tiakola/Oskoow/Ryflo/MC Cebezihno Manon B
82%
Tiakola/RnBoi/Monsieur Nov Reste-là
81%
Tiakola/Merveille Protect
77%
Tiakola/Saaro Cabrel
76%
Tiakola T.I.A
74%
Tiakola Formidable
68%
Tiakola Psychologique
68%
Tiakola Ping pong
67%
Tiakola/ KLN No limit
62%
Tiakola/Zed/Cheu-B Dernière danse
55%
Tiakola/JEY BROWNIE/Sonny rave Grand prix
54%
Tiakola/HK/Jolagreen23 Fast life & famille
50%
Tiakola/Ronisia Y.J (c'est KO)
48%
Aucun quiz correspondant
Distribution des résultats
% des personnes avec chaque résultat
Percentile par nombre de réponses
Votre historique - résultats
Vous n’avez pas pris ce quiz